برج جوزا اور آپکی شخصیت / (Record no. 106086)

MARC details
000 -LEADER
fixed length control field 00873nam a22002537a 4500
005 - DATE AND TIME OF LATEST TRANSACTION
control field 20170123162302.0
010 ## - LIBRARY OF CONGRESS CONTROL NUMBER
LC control number B-069985
020 ## - INTERNATIONAL STANDARD BOOK NUMBER
Terms of availability 55.00
035 ## - SYSTEM CONTROL NUMBER
System control number B-069985
037 ## - SOURCE OF ACQUISITION
Source of stock number/acquisition Cen Lib/Ret
040 ## - CATALOGING SOURCE
Original cataloging agency DPL
Language of cataloging UR
082 ## - DEWEY DECIMAL CLASSIFICATION NUMBER
Classification number 133.5
Item number ش ج ا
100 ## - MAIN ENTRY--PERSONAL NAME
Personal name شجاع عقیل
9 (RLIN) 139462
245 ## - TITLE STATEMENT
Title برج جوزا اور آپکی شخصیت /
Statement of responsibility, etc شجاع عقیل
246 ## - VARYING FORM OF TITLE
Title proper/short title Burj jooza aur apki shkhsiyat
Remainder of title by Shuja Aqeel
260 ## - PUBLICATION, DISTRIBUTION, ETC. (IMPRINT)
Place of publication, distribution, etc دہلی
Name of publisher, distributor, etc رہی کتاب گھر
Date of publication, distribution, etc 2002
270 ## - ADDRESS
City دہلی
Postal code 110006
Address C-20, جیوتی کالونی لودی روڈ شاہدرہ
300 ## - PHYSICAL DESCRIPTION
Extent 176p.
Dimensions 18cm(Hb)
650 ## - SUBJECT ADDED ENTRY--TOPICAL TERM
Topical term or geographic name as entry element صحت سائنس
9 (RLIN) 139463
650 ## - SUBJECT ADDED ENTRY--TOPICAL TERM
Topical term or geographic name as entry element صحت سائنس دکھبحال
9 (RLIN) 107712
650 ## - SUBJECT ADDED ENTRY--TOPICAL TERM
Topical term or geographic name as entry element Health science
9 (RLIN) 16285
650 ## - SUBJECT ADDED ENTRY--TOPICAL TERM
Topical term or geographic name as entry element Health science -- health care
9 (RLIN) 107713
942 ## - ADDED ENTRY ELEMENTS (KOHA)
Source of classification or shelving scheme Dewey Decimal Classification
Koha item type Urdu Bks
Classification part 133.5
Call number suffix ش ج ا
Holdings
Withdrawn status Lost status Damaged status Not for loan Home library Current library Date acquired Source of acquisition Cost, normal purchase price Total Checkouts Full call number Barcode Date last seen Copy number Cost, replacement price Price effective from Koha item type
        Central Library Central Library 14/12/2015 Cen Lib/Ref 55.00   133.5 ش ج ا B-069985 14/12/2015 1 55.00 14/12/2015 Urdu Bks

© Delhi Public Library
Hit Counter
free hit counter